Loreto College Library, Kolkata
WEBOPAC (ONLINE PUBLIC ACCESS CATALOGUE)

Child rights in India (Record no. 39102)

MARC details
000 -LEADER
fixed length control field 00578nam a22002057a 4500
005 - DATE AND TIME OF LATEST TRANSACTION
control field 20181204113817.0
008 - FIXED-LENGTH DATA ELEMENTS--GENERAL INFORMATION
fixed length control field 140315b xxu||||| |||| 00| 0 eng d
020 ## - ISBN | অাই এস বি এন
ISBN | অাই এস বি এন 0195670825
PRICE 525.00
040 ## - CATALOGING SOURCE
Original cataloging agency Loreto College
082 ## - DDC | ডিউই
Classification number | বর্গসংখ্যা 323
Book Number | গ্রন্থাঙ্ক BAJ
100 ## - MAIN ENTRY--PERSONAL NAME | মুখ্য সংলেখ - ব্যাক্তিনাম
Personal name | ব্যাক্তিনাম Bajpai,Asha
245 ## - TITLE STATEMENT | অাখ্যা বিবরণী
Title | অাখ্যা Child rights in India
Sub title | উপঅাখ্যা Law,policy and practice
Statement of responsibility | লেখকের দায়িত্বের বিবরণ Asha Bajpai
250 ## - EDITION STATEMENT | সংস্করণ ক্ষেত্র
Edition statement | সংস্করণ 2nd ed.
260 ## - IMPRINT | প্রকাশনা ক্ষেত্র
Place of publication | প্রকাশ স্থান New Delhi
Name of publisher | প্রকাশকের নাম Oxford University Press
Date of publication | প্রকাশ কাল 2013
300 ## - PHYSICAL DESCRIPTION |
Page / Vol. No | পৃষ্ঠা / খন্ড সংখ্যা lxxix,509p
Other physical details | অনান্য বাহ্যিক বিবরণ 22cm
504 ## - BIBLIOGRAPHY, ETC. NOTE
Bibliography, etc Includes bibliographical references and index
650 ## - SUBJECT ADDED ENTRY--TOPICAL TERM | বিষয় শিরোনাম - মূল বিষয়
Topical term | মূল বিষয় Human rights
850 ## - HOLDING INSTITUTION
Holding institution LCLIB
942 ## - ADDED ENTRY ELEMENTS (KOHA)
Koha item type Books
Holdings
Withdrawn status Lost status Source of classification Damaged status Not for loan Home library Current library Date acquired Price Total Checkouts Full call number Accession No. Date last seen Date checked out Price effective from Koha item type
    Dewey Decimal Classification     Loreto College Loreto College 15/03/2014 525.00 4 323 BAJ 50612 42514 14/05/2025 02/05/2025 15/03/2014 Books